| 000 | 00641nam a2200181 4500 | ||
|---|---|---|---|
| 001 | 143421 | ||
| 003 | ES-MaACL | ||
| 007 | t| | ||
| 008 | 070214s1943 sp r ||||1| spa d | ||
| 100 | 1 |
_aSerrano y Serrano, Ignacio. _9105810 |
|
| 245 | 1 | 3 |
_aLa ausencia en el Derecho español / _cIgnacio Serrano y Serrano. |
| 260 |
_aMadrid : _bRevista de Derecho Privado, _c1943 ( _fPegaso) |
||
| 300 |
_aXIV, 475 p. ; _c23 cm. |
||
| 490 | 1 |
_aMonografías prácticas de Derecho español. Serie J ; _v3 |
|
| 830 | 0 | 0 |
_aMonografías prácticas de derecho español _v3 _9181279 |
| 852 |
_aES-MaACL _jB-1632 _bR.20429 |
||
| 999 |
_c143421 _d143421 |
||